000 00511nam a2200157 a 4500
001 000021113
005 20200930011234.0
008 100831s1971 dr a 000 0 spa d
040 _aDO-SdBNP
_bspa
_cBNPHU
082 _axxx
_bV768m
100 1 _aVincent Cepeda, Altagracia Victoria
_944146
245 1 0 _aManual de teoría literaria e historia de la literatura española /
_cAltagracia Victoria Vincent Cepeda.
260 _aSanto Domingo :
_b[s.n],
_c1971.
300 _a303 p. :
_bil. ;
_c23 cm.
049 _aBNPD
999 _c20615
_d20615